|
|
|
|
| LEADER |
01369nam a2200301 a 4500 |
| 001 |
14029268 |
| 008 |
091229s2004 bg b 100 0 eng d |
| 010 |
|
|
|a 2004329458
|
| 020 |
|
|
|a 9840516949
|
| 040 |
|
|
|a DLC
|c DLC
|d BD-DhAAL
|
| 082 |
0 |
4 |
|a 327.170954
|2 22
|
| 999 |
|
|
|c 6479
|d 6479
|
| 999 |
|
|
|c 6479
|
| 245 |
0 |
0 |
|a Strengthening cooperation and security in South Asia post 9/11 /
|c edited by Farooq Sobhan.
|
| 260 |
|
|
|a Dhaka :
|b University Press Ltd.,
|c 2004.
|
| 300 |
|
|
|a xxvi, 302 p. ;
|c 3 cm.
|
| 504 |
|
|
|a Includes bibliographical references.
|
| 520 |
|
|
|a Contributed papers presented at two regional conferences organized by Bangladesh Enterprise Institute in July 1-2, and September 23-24, 2003 at Dhaka, Bangladesh.
|
| 541 |
1 |
|
|e 00016480
|
| 650 |
|
0 |
|a National security
|z South Asia
|v Congresses.
|9 922
|
| 650 |
|
0 |
|a National security
|z South Asia
|x International cooperation
|v Congresses.
|9 923
|
| 650 |
|
0 |
|a September 11 Terrorist Attacks, 2001
|x Influence
|v Congresses.
|9 924
|
| 650 |
|
0 |
|a South Asian cooperation
|v Congresses.
|9 925
|
| 700 |
1 |
|
|a Sobhan, Farooq.
|9 926
|
| 710 |
2 |
|
|a Bangladesh Enterprise Institute.
|9 927
|
| 852 |
4 |
|
|a Ayesha Abed Library
|j General Shelf.
|
| 942 |
|
|
|2 ddc
|c BK
|
| 952 |
|
|
|0 0
|1 0
|2 ddc
|4 0
|6 327_170954000000000_STR_2004
|7 0
|9 6576
|a BRACUL
|b BRACUL
|c GEN
|d 2009-12-29
|g 328.00
|l 0
|o 327.170954 STR
|p 3010016480
|r 2009-12-29
|t 1
|v 656.00
|w 2009-12-29
|y BK
|